Moral Disagreements : (Record no. 16342)
[ view plain ]
| 000 -LEADER | |
|---|---|
| fixed length control field | 01294cam a22003014a 4500 |
| 001 - CONTROL NUMBER | |
| control field | 11780141 |
| 005 - DATE AND TIME OF LATEST TRANSACTION | |
| control field | 20060807190817.0 |
| 008 - FIXED-LENGTH DATA ELEMENTS--GENERAL INFORMATION | |
| fixed length control field | 990824s2000 enk |rb 001 0deng |
| 010 ## - LIBRARY OF CONGRESS CONTROL NUMBER | |
| LC control number | 99046278 |
| 020 ## - INTERNATIONAL STANDARD BOOK NUMBER | |
| International Standard Book Number | 0415217121 (pbk. : alk. paper) |
| 020 ## - INTERNATIONAL STANDARD BOOK NUMBER | |
| International Standard Book Number | 9780415217125 (pbk. : alk. paper) |
| 040 ## - CATALOGING SOURCE | |
| Original cataloging agency | DLC |
| Transcribing agency | DLC |
| Modifying agency | DLC |
| 042 ## - AUTHENTICATION CODE | |
| Authentication code | pcc |
| 050 00 - LIBRARY OF CONGRESS CALL NUMBER | |
| Classification number | BJ1031 |
| Item number | .M666 2000 |
| 082 00 - DEWEY DECIMAL CLASSIFICATION NUMBER | |
| Classification number | 170 |
| Edition number | 21 |
| Item number | MOR |
| 245 00 - TITLE STATEMENT | |
| Title | Moral Disagreements : |
| Remainder of title | Classic and Contemporary Readings / |
| Statement of responsibility, etc | Edited by Christopher W. Gowans. |
| 260 ## - PUBLICATION, DISTRIBUTION, ETC. (IMPRINT) | |
| Place of publication, distribution, etc | London ; |
| -- | New York : |
| Name of publisher, distributor, etc | Routledge, |
| Date of publication, distribution, etc | 2000. |
| 300 ## - PHYSICAL DESCRIPTION | |
| Extent | xii, 265 p. ; |
| Dimensions | 24 cm. |
| 490 ## - Series Statement | |
| -- | 24244 |
| 504 ## - BIBLIOGRAPHY, ETC. NOTE | |
| Bibliography, etc | Includes bibliographical references (p. 242-260) and index. |
| 650 #0 - SUBJECT ADDED ENTRY--TOPICAL TERM | |
| Topical term or geographic name as entry element | Ethical problems. |
| 9 (RLIN) | 28433 |
| 653 ## - INDEX TERM--UNCONTROLLED | |
| Resource For college | |
| Arrived date list | January2012 |
| 700 1# - ADDED ENTRY--PERSONAL NAME | |
| Personal name | Gowans, Christopher W. |
| Relator term | edt |
| 9 (RLIN) | 28434 |
| 856 42 - ELECTRONIC LOCATION AND ACCESS | |
| Materials specified | Publisher description |
| Uniform Resource Identifier | <a href="http://www.loc.gov/catdir/enhancements/fy0650/99046278-d.html">http://www.loc.gov/catdir/enhancements/fy0650/99046278-d.html</a> |
| 942 ## - ADDED ENTRY ELEMENTS (KOHA) | |
| Source of classification or shelving scheme | Dewey Decimal Classification |
| Item type | Book - Borrowing |
| Withdrawn status | Item status | Source of classification or shelving scheme | Damaged status | Not for loan | Vendor | Home library | Current library | Shelving location | Date acquired | Source of acquisition | Cost, normal purchase price | Serial Enumeration / chronology | Total Checkouts | Total Renewals | Full call number | Barcode | Checked out | Date last seen | Date last borrowed | Koha item type |
|---|---|---|---|---|---|---|---|---|---|---|---|---|---|---|---|---|---|---|---|---|
| Dewey Decimal Classification | Central Library | Central Library | Lower Floor | 30/01/2012 | 320.00 | 1817/2012 | 2 | 12 | 170 MOR | 000025854 | 11/03/2020 | 08/03/2020 | 08/03/2020 | Book - Borrowing |